000 00604nam a2200169 a 4500
001 000042286
005 20201002040044.0
008 131122s1972 sp ac 000 0 spa d
040 _aDO-SdBNP
_bspa
_cBNPHU
082 _axxx
_bL712a
100 1 _aLida, Clara E.
_d1941-
_969330
245 1 0 _aAnarquismo y revolución en la España del XIX /
_cClara Eugenia Lida.
260 _aMadrid :
_bSiglo Veintiuno de España Editores,
_c1972.
300 _a334 p. :
_bil., retrs. ;
_c21cm.
500 _aIncluye datos biográficos de la autora en la solapa de la contracubierta
504 _aBibliografía : p. 301-322
999 _c41775
_d41775